| 000 | 00986nam a22003017ia4500 | ||
|---|---|---|---|
| 005 | 20210919125552.0 | ||
| 008 | 210914s2021 my o|||b |||| 00| 0 may d | ||
| 020 |
_a9789672322238 _qset |
||
| 020 |
_a9789672322276 _cRM39.90 _qpaperback |
||
| 040 |
_aPPAK _beng _cPPAK _erda |
||
| 082 | 0 | 4 |
_223 _a551.46 |
| 090 | 0 | 0 |
_a551.46 _bZAN _dK |
| 100 | 1 |
_aZanariah Mohd. Rajab, _d1974- _eauthor. |
|
| 245 | 1 | 0 |
_aPULAU, HABITAT IKAN DAN TERUMBU KARANG / _cZANARIAH MOHD RAJAB |
| 264 | 1 |
_aKapar, Selangor : _bHebat Publishing, _c2021 |
|
| 300 |
_a40 pages : _bchiefly colour photographs ; _c26 cm |
||
| 336 |
_2rdacontent _atext |
||
| 337 |
_2rdamedia _aunmediated |
||
| 338 |
_2rdacarrier _avolume |
||
| 490 | 1 | _aEksplorasi LAUTAN Dan Ekosistem Dunia | |
| 500 | _aIncludes questions and exercises. | ||
| 650 | 1 | 0 | _aOcean |
| 650 | 2 | 0 | _aIslands |
| 650 | 2 | 0 |
_aFishes _xHabitat |
| 650 | 2 | 0 | _aCoral reefs and islands |
| 830 | 0 | _aEksplorasi lautan dan ekosistem dunia | |
| 942 |
_2ddc _cB |
||
| 999 |
_c184943 _d184943 |
||